[Event "Lasker Memorial op-B 15th"]
[Site "Barlinek"]
[Date "2007.06.07"]
[Round "6"]
[White "Remez, Serhiy"]
[Black "Majkowski, Andrzej"]
[Result "1-0"]
[WhiteElo "2015"]
[BlackElo "2019"]
[PlyCount "85"]
[EventDate "2007.06.02"]
[EventType "swiss"]
[EventRounds "10"]
[EventCountry "POL"]
[SourceTitle "CBM 118 Extra"]
[Source "ChessBase"]
[SourceDate "2007.07.04"]
[SourceVersion "1"]
[SourceVersionDate "2007.07.04"]
[SourceQuality "1"]

1. d4 d5 2. c4 e6 3. Nf3 Nf6 4. g3 c6 5. Bg2 Bb4+ 6. Bd2 Qa5 7. Nc3 0-0 8. a3 Bxc3 9. Bxc3 Qc7 10. Ne5 Nbd7 11. Nxd7 Bxd7 12. Qd3 Rfe8 13. c5 b6 14. cxb6 axb6 15. Rc1 Bc8 16. Bd2 Ba6 17. Qc2 Rac8 18. Bf3 e5 19. dxe5 Qxe5 20. 0-0 c5 21. Bf4 Qe6 22. Rfe1 h6 23. h4 d4 24. Qa4 b5 25. Qa5 c4 26. Red1 Red8 27. Bc7 Rd7 28. Bb6 Rb8 29. Bxd4 Rbd8 30. e3 Rd6 31. a4 bxa4 32. Qxa4 Qf5 33. Bg2 Ne4 34. Qc2 Bb7 35. Rf1 g5 36. h5 g4 37. Ra1 Re8 38. Qxc4 Nd2 39. Qa4 Red8 40. Bxb7 Nf3+ 41. Kg2 Rd5 42. Qc6 Kh7 43. Qf6 1-0

[Event "Lasker Memorial op-B 15th"]
[Site "Barlinek"]
[Date "2007.06.03"]
[Round "2"]
[White "Dunaj, Konrad"]
[Black "Majkowski, Andrzej"]
[Result "0-1"]
[WhiteElo "1668"]
[BlackElo "2019"]
[PlyCount "42"]
[EventDate "2007.06.02"]
[EventType "swiss"]
[EventRounds "10"]
[EventCountry "POL"]
[SourceTitle "CBM 118 Extra"]
[Source "ChessBase"]
[SourceDate "2007.07.04"]
[SourceVersion "1"]
[SourceVersionDate "2007.07.04"]
[SourceQuality "1"]

1. d4 d5 2. c4 c6 3. Nf3 Nf6 4. Nc3 e6 5. Bg5 Nbd7 6. e3 Bb4 7. Bd3 Qa5 8. Qb3 Ne4 9. Bxe4 dxe4 10. Ne5 Nxe5 11. dxe5 Bxc3+ 12. Qxc3 Qxc3+ 13. bxc3 b6 14. Rd1 Bb7 15. 0-0 h6 16. Bh4 c5 17. Rd6 Ba6 18. Rfd1 0-0 19. Be7 Rfe8 20. Rd7 Bxc4 21. a3 Bd5 0-1